000 00702nam a2200241Ia 4500
003 OSt
005 20220923223221.0
006 a|||||r|||| 00| 0
007 ta
008 220922b |||||||| |||| 00| 0 hin d
024 _a212,220
037 _cTextual
040 _aARTS
_cARTS
_bhin
041 _2hin
_ahin
082 _aO152,3N19x, M6;N0
100 _aअमृता प्रीतम
_9156318
245 0 _aएक थी सारा
246 _aEk thī sārā
260 _aदिल्ली
_b किताबघर
_c1990
300 _a151पृ.
_ccm.
942 _hO152,3N19x, M6;N0
_cTEXL
_2CC
999 _c362494
_d362494